Jugoslaviaan kuuluneet valtiot - Äkkikuolema - Statistics

Yleistilastot
  • Tätä visaa on pelattu 224 kertaa
  • Keskiarvotulos 6 / 7
Answers on the Grid
Answers color-coded by a green-red scale on the quiz's grid according to % correct below.
Albania
Bosnia ja Hertsegovina
Bulgaria
Kosovo
Kroatia
Kypros
Liechtenstein
Moldova
Montenegro
Pohjois-Makedonia
Romania
Serbia
Slovakia
Slovenia
Ukraina
Unkari
 
Vastaustilastot
Vastaus % Oikein
Bosnia ja Hertsegovina
94%
Kosovo
83%
Kroatia
83%
Serbia
81%
Montenegro
75%
Pohjois-Makedonia
74%
Slovenia
71%
Ehtoja vastaavia visoja ei löytynyt
Tulosjakauma
Jokaisen tuloksen saaneiden osuus
Persentiili vastausten määrän mukaan
Tuloshistoriasi
Et ole pelannut tätä visaa